Průkaz metaloproteináz v plicní tkáni u náhlé a násilné smrti

Podrobná bibliografia
Hlavní autori: Bouška, Ivan, 1938- (Autor), Ježková, J. (Autor), Klír, P. (Autor), Toupalík, P. (Autor)
Médium: Článok
Jazyk:čeština

MARC

LEADER 00000nab a2200000uu 4500
001 vtls011139429
003 SK-MaSNL
005 20260422083610.0
008 230218|2001 xo |||||||||||||||||cze|
015 |a SNBRB 
035 |a (urnnbn)urn:nbn:sk:snk:ar-007wt0 
035 |a (uuid)0be71d21-1b59-49c6-809f-21ddab8a5001 
035 |a urn:nbn:sk:snk-abarli 
040 |a SNKBUCL  |b slo  |c SNKBUCL  |e AACR2 
041 0 |a cze 
044 |a xo  |c SK 
100 1 |a Bouška, Ivan,  |d 1938-  |4 aut  |9 42519 
245 1 0 |a Průkaz metaloproteináz v plicní tkáni u náhlé a násilné smrti  |c I. Bouška, J. Ježková, P. Klír, P. Toupalík 
700 1 |a Ježková, J.  |4 aut  |9 1146763 
700 1 |a Klír, P.  |4 aut  |9 1144364 
700 1 |a Toupalík, P.  |4 aut  |9 1144365 
773 0 |t Česko-slovenská patologie a Soudní lékařství : časopis Společnosti patologů a společnosti soudního lékařství  |g Roč. 37/46, č. 3 (2001), s. 37-41 
954 |a odborná, vedecká literatúra cudzojazyčná (svetová)  |2 lita 
958 |a OND 
958 |a EUIPO 
958 |a article14 
999 |c 1946183  |d 1948113